Nucleotide sequences of the cylindrical inclusion protein genes of two Japanese zucchini yellow mosaic virus isolates

Bibliographic Details
Main Authors: Kundu, A. K. (Author), Ohshima, K. (Author), Sako, N. (Author), Yaegashi, H. (Author)
Format: Article
Language:Slovak
English
PhysicalDescription:Obr.
ISSN:001-723X
Subjects:

MARC

LEADER 00000nab a2200000 a 4500
001 vtls000767190
003 SK-MaSNL
005 20260304123817.0
008 250429c1999 xo 0 slo
015 |a SNBRB2001/10-28231 
035 |a CLN000118977 
035 |a urn:nbn:sk:snk-ab2ei3 
035 |a (urnnbn)urn:nbn:sk:snk:ar-a02944 
035 |a (uuid)4ee6363c-b514-4035-9157-628d7d259128 
040 |a SNKBUCL  |b slo  |c SNKBUCL  |e AACR2 
041 0 |a eng 
044 |a xo  |c SK 
080 |a 578.85/.86  |2 1997 
080 |a 635.62:632.38  |2 1997 
080 |a 632.38  |2 1997 
245 0 0 |a Nucleotide sequences of the cylindrical inclusion protein genes of two Japanese zucchini yellow mosaic virus isolates  |c A.K. Kundu ... [et al.] 
300 |b Obr. 
504 |a Res. angl. 
504 |a Bibliogr. odkazy 
650 0 7 |a vírus žltej mozaiky cukety  |x gény proteínové  |x sekvencie nukleotidové  |2 snkbucl  |9 1433549 
650 0 7 |a gény  |x imunológia  |2 snkbucl  |9 1433550 
650 0 7 |a sekvencia aminokyselinová  |x genetika  |2 snkbucl  |9 1433551 
650 0 7 |a vírusy mozaiky  |x patogenita  |x metabolizmus  |2 snkbucl  |9 1433552 
655 7 |a štúdie  |2 snkbucl  |9 57033 
700 1 |a Kundu, A. K.  |4 aut  |9 1433553 
700 1 |a Ohshima, K.  |4 aut  |9 1430992 
700 1 |a Sako, N.  |4 aut  |9 1433554 
700 1 |a Yaegashi, H.  |4 aut  |9 1433555 
773 0 |t Acta virologica  |g Roč. 43, č. 1 (1999), s. 57-62  |x 001-723X 
850 |a Slovenská národná knižnica 
852 |a Slovenská národná knižnica 
958 |a article27 
958 |a NB 
958 |a OND 
958 |a EUIPO 
992 |a RBX 
999 |c 2890013  |d 2891943